000 00710nam a2200217Ii 4500
003 JO-AjNU
008 230605s9999||||xx |||||||||||||| ||und||
017 _a1999/2/243
040 _aJO-AjNU
_bara
_erda
_cJO-AjNU
041 _aara
050 1 4 _a K230.M33.1999
100 3 _a المهداوي ، علي احمد ، العبيدي ، علي هادي ,
_eauthor
_927327
245 0 0 _aالقانون في حياتنا
250 _aط1
264 3 1 _aاربد : المركز القومي ، 1999
300 _a247ص
336 _atext
_btxt
_2rdacontent
337 _aunmediated
_bn
_2rdamedia
338 _avolume
_bnc
_2rdacarrier
650 4 _aالعلوم الاجتماعية -- القانون
_927328
999 _aA10467
_c14035
_d14035